000 00665nam a2200217Ii 4500
003 JO-AjNU
008 230605s9999||||xx |||||||||||||| ||und||
020 _a978-614-438-162-5
040 _aJO-AjNU
_bara
_erda
_cJO-AjNU
041 _aara
050 1 4 _aPJ7850.U784.2018
100 3 _aمستغانمي،احلام,
_eauthor
_961730
245 0 0 _aعليك اللهفة
250 _aالطبعة الثامنة
264 3 1 _aبيروت: هاتشيت انطوان ش.م.ل، 2018
300 _a165ص
336 _atext
_btxt
_2rdacontent
337 _aunmediated
_bn
_2rdamedia
338 _avolume
_bnc
_2rdacarrier
650 4 _aالشعر العربي
_961731
999 _aA27918
_c31486
_d31486